Statistics for Bayern Munich Goalkeeper By Year

Click here to take the quiz!

General Stats

  • This quiz has been taken 1,090 times
    (10 since last reset)
  • The average score is 37 of 59

Answer Stats

SeasonGoalkeeper% Correct
2023-24Manuel Neuer
100%
2016-17Manuel Neuer
100%
2011-12Manuel Neuer
100%
2012-13Manuel Neuer
100%
2013-14Manuel Neuer
100%
2015-16Manuel Neuer
100%
2014-15Manuel Neuer
100%
2018-19Manuel Neuer
100%
2019-20Manuel Neuer
100%
2020-21Manuel Neuer
100%
2021-22Manuel Neuer
100%
1995-96Oliver Kahn
89%
2002-03Oliver Kahn
89%
1996-97Oliver Kahn
89%
1997-98Oliver Kahn
89%
1998-99Oliver Kahn
89%
1999-00Oliver Kahn
89%
2000-01Oliver Kahn
89%
2001-02Oliver Kahn
89%
1994-95Oliver Kahn
89%
2003-04Oliver Kahn
89%
2005-06Oliver Kahn
89%
2006-07Oliver Kahn
89%
2007-08Oliver Kahn
89%
2004-05Oliver Kahn
89%
1973-74Sepp Maier
67%
1977-78Sepp Maier
67%
1976-77Sepp Maier
67%
1975-76Sepp Maier
67%
1974-75Sepp Maier
67%
1970-71Sepp Maier
67%
1972-73Sepp Maier
67%
1971-72Sepp Maier
67%
1969-70Sepp Maier
67%
1968-69Sepp Maier
67%
1967-68Sepp Maier
67%
1966-67Sepp Maier
67%
1978-79Sepp Maier
67%
1965-66Sepp Maier
67%
2017-18Sven Ulreich
67%
2009-10Hans-Jörg Butt
44%
2010-11Hans-Jörg Butt
44%
2022-23Yann Sommer
44%
1985-86Jean-Marie Pfaff
22%
1982-83Jean-Marie Pfaff
22%
1986-87Jean-Marie Pfaff
22%
1987-88Jean-Marie Pfaff
22%
1983-84Jean-Marie Pfaff
22%
2008-09Michael Rensing
11%
1993-94Raimond Aumann
11%
1990-91Raimond Aumann
11%
1992-93Raimond Aumann
11%
1989-90Raimond Aumann
11%
1988-89Raimond Aumann
11%
1984-85Raimond Aumann
11%
1979-80Walter Junghans
11%
1980-81Walter Junghans
11%
1981-82Walter Junghans
11%
1991-92Gerald Hillringhaus
0%

Score Distribution

Percentile by Number Answered

Percent of People with Each Score

Your Score History

You have not taken this quiz since the last reset